000 01087nam0a22002651 4500
001 rc\2773715
005 20250806204531.0
035 _a(NLR Aleph) 006900038
090 _a28696
_c28696
100 _a20110915d1941 u y0rusy50 ca
101 0 _arus
102 _aRU
105 _aa z |||||
200 1 _aОписание технологического процесса ремонта и зарядки стартерных аккумуляторных батарей
_fСост.: инж. В. В. Самойлов, Ф. Т. Шелихов
210 _aМосква
_aЛенинград
_cГосэнергоиздат
_d1941
_eМосква
215 _a68 с., 1 вкл. л. схем.
_cил., схем.
_d22 см.
700 1 _aСамойлов
_bВ.В.
_gВалентин Васильевич
701 1 _aШелихов
_bФ.Т.
_gФедор Трифонович
801 0 _aRU
_bNLR
_gpsbo
801 1 _aRU
_bELAR
_2rusmarc
852 _aNLR
_jТ86 Г-4/32
942 _cBOOK
945 _aРоссийская национальная библиотека
980 _aNB
980 _aBV